Viva Cristo Rey

Síntesis: dos volantes haciendo alución a ᆳViva Cristo Rey! durante la lucha armada entre la Iglesia y el Estado.

Guardado en:
書目詳細資料
格式: 圖書
主題:
標簽: 添加標簽
沒有標簽, 成為第一個標記此記錄!

MARC

LEADER 00000nam^a2200000^a^4500
001 000250602
005 20250526000000.0
009 20260310105818.074
035 |a R01603 
037 |a Acervo Xavier Clavigero 
082 |a 9.  |b ANO 
245 1 0 |a Viva Cristo Rey 
264 |a S.L. :  |b Destinatario: Público en general. 
300 |a 2 fojas, impresos, 7.5 X 34.5 y 10.5 X 34 cms. 
336 |a texto  |b txt  |2 rdacontenido 
337 |a sin mediación  |b n  |2 rdamedio 
338 |a volumen  |b nc  |2 rdasoporte 
520 |a Síntesis: dos volantes haciendo alución a ᆳViva Cristo Rey! durante la lucha armada entre la Iglesia y el Estado. 
598 |a Cartel. 
649 |a XX 
650 |a Guerra Cristera 
910 |a Fondo Jesús Gómez Fregoso S.J. FXC 
920 |a Impresos - Documentos 
930 |a Libros Antiguos y Raros 
940 |a Guerra Cristera 
905 |a 110 
901 |a R01603  |b IT2  |c LRA  |i R01603  |u 20250526 
902 |a https://opac.biblio.iteso.mx/vufind/Record/000250602